El Decreto de la transición policial
Se presentan los siete artículos del Decreto de la Transición policía hondureña. 1- Asignar facultades especiales de la Junta Interventora a la Junta Nacional creada por el poder Ejecutivo, para el traspaso de bienes, presupuestos y recursos humanos de la Fuerza de Seguridad Pública, a la Policía Na...
Gorde:
| Formatua: | Texto |
|---|---|
| Gaiak: | |
| Etiketak: |
Etiketa erantsi
Etiketarik gabe, Izan zaitez lehena erregistro honi etiketa jartzen!
|
MARC
| LEADER | 00000 a a2200000 04500 | ||
|---|---|---|---|
| 001 | 2111 | ||
| 003 | |||
| 040 | |||
| 245 | |a El Decreto de la transición policial | ||
| 520 | |a Se presentan los siete artículos del Decreto de la Transición policía hondureña. 1- Asignar facultades especiales de la Junta Interventora a la Junta Nacional creada por el poder Ejecutivo, para el traspaso de bienes, presupuestos y recursos humanos de la Fuerza de Seguridad Pública, a la Policía Nacional. 2- La Junta Nacional de Traspaso deberá tutelar y conducir el proceso de transición, bajo la dependencia del Presidente de la República, debiendo asegurar que esta se efectúe de manera gradual y ordenada. 3- Se elaborará el presupuesto para su funcionamiento, entre otros. HMBQ/HMBQ | ||
| 650 | |a POLICIA | ||
| 650 | |a FINANCIAMIENTO | ||
| 650 | |a ESTADO | ||
| 650 | |a ASPECTOS POLITICOS | ||
| 773 | |g número 196; páginas 10 | ||
| 999 | |c 38854 |d 38854 | ||
